000 00350nam a2200133Ia 4500
005 20260328104312.0
008 260328s9999||||xx |||||||||||||| ||und||
100 _aFlaherty, Thomas
245 0 _aTime Frame 3000-1500 Bc, the age of god - kings /
_cThomas Flaherty
260 _bTime Life
300 _a174 p.
650 _aHISTORIA
942 _cREF
999 _c10982
_d10982